Specimen iuris civilis de ratihabitione ... (Record no. 91587)

MARC details
000 -LEADER
fixed length control field 00475cam a2200169u 4500
001 - CONTROL NUMBER
control field unk84226867
003 - CONTROL NUMBER IDENTIFIER
control field DLC
005 - DATE AND TIME OF LATEST TRANSACTION
control field 20260227112802.0
008 - FIXED-LENGTH DATA ELEMENTS--GENERAL INFORMATION
fixed length control field 850409s1864 xx 000 0 lat
010 ## - LIBRARY OF CONGRESS CONTROL NUMBER
LC control number unk84226867
040 ## - CATALOGING SOURCE
Original cataloging agency DLC
Transcribing agency CarP
Modifying agency DLC
050 00 - LIBRARY OF CONGRESS CALL NUMBER
Classification number LAW <Roman Law>
100 1# - MAIN ENTRY--PERSONAL NAME
Personal name Gregory, Adrian Friedrich Ludwig.
245 10 - TITLE STATEMENT
Title Specimen iuris civilis de ratihabitione ...
260 ## - PUBLICATION, DISTRIBUTION, ETC.
Place of publication, distribution, etc. Hagae Comitis,
Name of publisher, distributor, etc. Apud Martinum Nijhoff,
Date of publication, distribution, etc. 1864.
300 ## - PHYSICAL DESCRIPTION
Extent xiv, 291 p.
Other physical details cm.

No items available.

Powered by Koha